| 000 | 02345nam a22003497a 4500 | ||
|---|---|---|---|
| 005 | 2009080405165.0 | ||
| 008 | 090728t xxu||||| |||| 00| 0 pun d | ||
| 010 | _aPUN-7277 B-464960-964 | ||
| 020 | _c300.00 | ||
| 035 | _aPN-6395 B-464960-964 | ||
| 037 | _bDBAD / PUB | ||
| 037 | _bRBC/Ven | ||
| 040 |
_adpl _bPN |
||
| 082 | _a921 | ||
| 100 |
_937323 _aਯੋਗ ਰਾਜ |
||
| 245 |
_aਰੰਗਮੰਚ ਦਾ ਕੋਹਿਨੂਰ :ਪ੍ਰਿਥਵੀਰਾਜ ਕਪੂਰ / _cਯੋਗ ਰਾਜ ਤੇ ਸਤੀਸ਼ ਕੁਮਾਰ ਵਰਮਾ ਦ੍ਵਾਰਾ ਅਨੁਦਿਤ |
||
| 246 |
_aRangmanch da kohinoor:Prithviraj Kapoor _bby Yograj |
||
| 260 |
_aਦਿੱਲੀ _bਪੰਜਾਬੀ ਅਕਾਦਮੀ _c2010 |
||
| 270 |
_aਡੀ.ਡੀ.ਏ.ਕਮਿਉਨਿਟੀ ਸੈਂਟਰ,ਮੋਤੀਆ ਖਾਨ,ਪਹਾਡ਼ ਗਂਜ _bਨਵੀਂ ਦਿੱਲੀ _k011-23616243,23616265 _e110055 |
||
| 300 |
_a271ਸਫੇ _b22 ਸੇਂਮੀ (ਸਜਿਲਦ) |
||
| 650 | _937324 | ||
| 650 | _937325 | ||
| 700 |
_937326 _aਸਤੀਸ਼ ਕੁਮਾਰ ਵਰਮਾ |
||
| 942 |
_2ddc _cPN _h921 _mਯੋਗਰਾ |
||
| 999 |
_c59894 _d59894 |
||